[Event "Landesklasse West 2016/2017"]
[Site "?"]
[Date "2017.01.29"]
[Round "5"]
[White "Tischner, Manfred"]
[Black "Grabner, Stefan"]
[Result "1/2-1/2"]
[WhiteElo "1732"]
[BlackElo "2041"]
[PlyCount "113"]
[EventDate "2017.??.??"]
[WhiteTeam "SV Wartburgstadt Eisenach"]
[BlackTeam "Schachclub 1998 Gotha"]

1. e4 c5 2. Nf3 e6 3. d4 cxd4 4. Nxd4 Nf6 5. Nc3 Nc6 6. Be3 Bb4 7. Bd3 O-O 8.
O-O Bxc3 9. bxc3 e5 10. Nb5 d5 11. exd5 Nxd5 12. Bc5 Nde7 13. Qe2 Qa5 14. Bxe7
Nxe7 15. Qxe5 Be6 16. Rfe1 Rac8 17. Qe4 Ng6 18. Nd6 Rxc3 19. Nxb7 Qg5 20. Nd6
Bd5 21. h4 Bxe4 22. hxg5 Bxd3 23. Re3 Rxc2 24. Rxd3 f6 25. gxf6 Rxf6 26. Ne4
Rf8 27. a4 Re2 28. f3 Rxg2+ 29. Kxg2 Nf4+ 30. Kg3 Nxd3 31. Rd1 Ne5 32. f4 Ng6
33. Rf1 Rd8 34. a5 h6 35. a6 Rd4 36. Nc5 Rc4 37. Nd7 Rc6 38. Ra1 Ne7 39. Re1
Nf5+ 40. Kg4 g6 41. Ne5 Re6 42. Rb1 Ng7 43. Rb8+ Ne8 44. Nd3 Kf8 45. Nc5 Re7
46. Rb7 Kf7 47. Kf3 Nd6 48. Nd7 Ke8 49. Rxa7 Nc8 50. Nf6+ Kf7 51. Rxe7+ Kxe7
52. Ng8+ Ke6 53. Nxh6 Kd5 54. Nf7 Kc6 55. Ne5+ Kb6 56. Nxg6 Nd6 57. Ne7 1/2-1/2

[Event "Landesklasse West 2016/2017"]
[Site "?"]
[Date "2017.01.29"]
[Round "5"]
[White "Stöber, Alexander"]
[Black "Kuntze, Andreas"]
[Result "0-1"]
[WhiteElo "1743"]
[BlackElo "1988"]
[PlyCount "90"]
[EventDate "2017.??.??"]
[WhiteTeam "SK Dingelstädt 1921"]
[BlackTeam "Schachclub Rochade Leinefelde"]

1. e4 d6 2. d4 Nf6 3. Nc3 Nbd7 4. Nf3 e5 5. Bc4 h6 6. O-O Be7 7. h3 c6 8. a4
Qc7 9. Be3 Nf8 10. Qe2 g5 11. Nh2 Ng6 12. b4 Nf4 13. Bxf4 gxf4 14. dxe5 dxe5
15. Rab1 Rg8 16. Kh1 a5 17. b5 Bb4 18. Na2 Bc5 19. bxc6 bxc6 20. Rfd1 Qe7 21.
Rd3 Kf8 22. Rbd1 Kg7 23. Nc1 Be6 24. Bxe6 Qxe6 25. Nb3 Bb4 26. Nf3 Kh7 27. Nh4
Qc4 28. f3 Nh5 29. Nf5 Rg5 30. Kh2 Rag8 31. R3d2 Rxg2+ 32. Qxg2 Rxg2+ 33. Rxg2
Ng3 34. Nxg3 fxg3+ 35. Kxg3 Kg6 36. Nc1 Kf6 37. Nd3 Bc3 38. Nf2 h5 39. Rd6+ Ke7
40. Rh6 Bd2 41. Rxh5 Bf4+ 42. Kg4 Qf1 43. Kf5 Qxg2 44. Ng4 Qxf3 45. Rh7 Be3+
0-1

[Event "Landesklasse West 2016/2017"]
[Site "?"]
[Date "2017.01.29"]
[Round "5"]
[White "Kachel, Alfred"]
[Black "Lorenz, Sebastian"]
[Result "1/2-1/2"]
[WhiteElo "1987"]
[BlackElo "1715"]
[PlyCount "44"]
[EventDate "2017.??.??"]
[WhiteTeam "Schachclub Rochade Leinefelde"]
[BlackTeam "SK Dingelstädt 1921"]

1. d4 Nf6 2. c4 e6 3. Nf3 d5 4. cxd5 exd5 5. Nc3 c6 6. Bg5 Bf5 7. e3 h6 8. Bh4
Be7 9. Bd3 Ne4 10. Bxe7 Qxe7 11. O-O Nd7 12. Qc2 O-O 13. Rfe1 Rae8 14. Rab1 Qf6
15. Nd2 Nd6 16. b4 Bxd3 17. Qxd3 b5 18. a4 a6 19. Ra1 Ra8 20. Ra2 Nb6 21. Rea1
Rfb8 22. h3 Qe7 1/2-1/2

[Event "Landesklasse West 2016/2017"]
[Site "?"]
[Date "2017.01.29"]
[Round "5"]
[White "Meister, Matthias"]
[Black "Frank, Thomas"]
[Result "1/2-1/2"]
[WhiteElo "1719"]
[BlackElo "1846"]
[PlyCount "54"]
[EventDate "2017.??.??"]
[WhiteTeam "SK Dingelstädt 1921"]
[BlackTeam "Schachclub Rochade Leinefelde"]

1. e4 c5 2. Nc3 Nc6 3. Bc4 e6 4. d3 a6 5. a4 g6 6. Nge2 Bg7 7. Bf4 d6 8. Qd2
Nd4 9. Nxd4 cxd4 10. Ne2 Qb6 11. O-O Ne7 12. Bg5 Nc6 13. Bh6 O-O 14. Bxg7 Kxg7
15. h3 Bd7 16. a5 Qd8 17. b4 Qe7 18. c3 dxc3 19. Qxc3+ Qf6 20. Qxf6+ Kxf6 21.
Rab1 Ke7 22. f3 Rac8 23. Rfc1 Rc7 24. Kf2 Rfc8 25. Ke3 Ne5 26. Kd4 Nc6+ 27. Ke3
Ne5 1/2-1/2

[Event "Landesklasse West 2016/2017"]
[Site "?"]
[Date "2017.01.29"]
[Round "5"]
[White "Pfitzenreuter, Gerald"]
[Black "Strecker, Frank"]
[Result "1-0"]
[WhiteElo "1828"]
[BlackElo "1674"]
[PlyCount "57"]
[EventDate "2017.??.??"]
[WhiteTeam "Schachclub Rochade Leinefelde"]
[BlackTeam "SK Dingelstädt 1921"]

1. d4 d5 2. c4 e6 3. Nc3 Nf6 4. cxd5 exd5 5. Bg5 Be7 6. Qc2 Nc6 7. e3 O-O 8. a3
h6 9. Bh4 Be6 10. Nf3 Rc8 11. b4 a6 12. Bd3 Bxb4 13. axb4 Nxb4 14. Qd2 Nxd3+
15. Qxd3 c5 16. dxc5 Rxc5 17. O-O d4 18. exd4 Bc4 19. Qd2 Bxf1 20. dxc5 Qxd2
21. Nxd2 Bd3 22. Bxf6 gxf6 23. Nce4 f5 24. Nd6 Rb8 25. Rc1 Kf8 26. Rc3 Bb5 27.
Nxb5 axb5 28. Rb3 Rd8 29. Nf1 1-0

[Event "Landesklasse West 2016/2017"]
[Site "?"]
[Date "2017.01.29"]
[Round "5"]
[White "Kirchberg, Hans-Georg"]
[Black "Seeboth, Paul"]
[Result "1/2-1/2"]
[WhiteElo "1720"]
[BlackElo "1846"]
[PlyCount "66"]
[EventDate "2017.??.??"]
[WhiteTeam "SK Dingelstädt 1921"]
[BlackTeam "Schachclub Rochade Leinefelde"]

1. d4 Nf6 2. Nf3 c5 3. e3 e6 4. Bd3 d5 5. c3 Nc6 6. Nbd2 Be7 7. O-O O-O 8. dxc5
Bxc5 9. e4 Qc7 10. exd5 exd5 11. Nb3 Bd6 12. Qc2 Bg4 13. Nbd2 Ne5 14. Nxe5 Bxe5
15. h3 Bh5 16. Re1 Rfe8 17. Kf1 Bf4 18. g4 Bxd2 19. Qxd2 Qh2 20. Re3 Qh1+ 21.
Ke2 Nxg4 22. hxg4 Bxg4+ 23. f3 Qxf3+ 24. Ke1 Qh1+ 25. Kf2 Qh2+ 26. Ke1 Qg1+ 27.
Bf1 Rxe3+ 28. Qxe3 Qh1 29. Kf2 Bd7 30. Bg2 Qh5 31. Qf3 Bg4 32. Qe3 Be6 33. Bd2
Qf5+ 1/2-1/2

[Event "Landesklasse West 2016/2017"]
[Site "?"]
[Date "2017.01.29"]
[Round "5"]
[White "Löffelholz, Christian"]
[Black "Trapp, Werner"]
[Result "0-1"]
[WhiteElo "1662"]
[BlackElo "1388"]
[PlyCount "88"]
[EventDate "2017.??.??"]
[WhiteTeam "Schachclub Rochade Leinefelde"]
[BlackTeam "SK Dingelstädt 1921"]

1. e4 e5 2. Nf3 Nc6 3. Bc4 h6 4. d3 Nf6 5. h3 Bc5 6. Be3 Bb6 7. Nc3 d6 8. Nd5
Na5 9. Bb3 Nxb3 10. axb3 Bxe3 11. fxe3 c6 12. Nc3 O-O 13. Qe2 Re8 14. g4 a6 15.
O-O-O Nh7 16. d4 exd4 17. Nxd4 g6 18. h4 Nf6 19. Rdf1 Nxg4 20. Qf3 Ne5 21. Qf4
h5 22. Nf3 Nxf3 23. Rxf3 Be6 24. Qh6 Re7 25. Rf6 Qf8 26. Qg5 Kh7 27. Ne2 Qh6
28. Ng3 Qxg5 29. hxg5 Bg4 30. Rxd6 Rae8 31. Rf6 Kg7 32. Kd2 Re5 33. Rhf1 R8e7
34. Nf5+ gxf5 35. exf5 Rxe3 36. Rd6 Kf8 37. f6 R7e6 38. Rd8+ Re8 39. Rd4 R3e5
40. Rb4 Rd8+ 41. Kc1 Rd7 42. Rh1 Rxg5 43. Re1 Rf5 44. Rbe4 Rxf6 0-1

[Event "Landesklasse West 2016/2017"]
[Site "?"]
[Date "2017.01.29"]
[Round "5"]
[White "Meier, Claudia"]
[Black "Meysing, Gerhard"]
[Result "1/2-1/2"]
[WhiteElo "1077"]
[BlackElo "1508"]
[PlyCount "37"]
[EventDate "2017.??.??"]
[WhiteTeam "SK Dingelstädt 1921"]
[BlackTeam "Schachclub Rochade Leinefelde"]

1. e4 e5 2. Nf3 Nc6 3. Bc4 Nf6 4. d3 h6 5. h3 d6 6. Nc3 Be7 7. Nh4 O-O 8. Nf5
Bxf5 9. exf5 d5 10. Bb3 Nd4 11. O-O Nxb3 12. axb3 Qd7 13. Qf3 c6 14. Re1 Bd6
15. Ra4 d4 16. Ne4 Nxe4 17. Rxe4 g5 18. h4 f6 19. Qg4 1/2-1/2

[Event "Landesklasse West 2016/2017"]
[Site "?"]
[Date "2017.01.29"]
[Round "5"]
[White "Bachmann, Gerhard"]
[Black "Shevchenko, Andriy"]
[Result "1-0"]
[WhiteElo "1892"]
[BlackElo "1458"]
[PlyCount "61"]
[EventDate "2017.??.??"]
[WhiteTeam "Schachclub Rochade Leinefelde"]
[BlackTeam "SK Dingelstädt 1921"]

1. Nf3 Nc6 2. c4 h6 3. d4 d5 4. cxd5 Qxd5 5. Nc3 Qd8 6. d5 Nb4 7. Qa4+ Nc6 8.
dxc6 b6 9. Bf4 a6 10. Rd1 Qxd1+ 11. Qxd1 e6 12. Bxc7 Be7 13. e4 b5 14. e5 h5
15. Be2 Nh6 16. Bd6 Nf5 17. O-O O-O 18. Bxe7 Nxe7 19. Nd4 Rd8 20. Bxh5 Nf5 21.
Nce2 a5 22. Bf3 Ra7 23. Qd3 b4 24. Qe4 Ba6 25. Nxf5 exf5 26. Qxf5 Re7 27. Rc1
a4 28. Nf4 Bc8 29. e6 Rd6 30. exf7+ Rxf7 31. Qxc8+ 1-0

[Event "Landesklasse West 2016/2017"]
[Site "?"]
[Date "2017.01.29"]
[Round "5"]
[White "Petiko, Nikolai"]
[Black "Kirsch, Uwe"]
[Result "1/2-1/2"]
[WhiteElo "2001"]
[BlackElo "1927"]
[PlyCount "55"]
[EventDate "2017.??.??"]
[WhiteTeam "SV Breitenworbis"]
[BlackTeam "TSG Ruhla"]

1. e4 c6 2. d4 d5 3. Nc3 dxe4 4. Nxe4 Nd7 5. Ng5 Ngf6 6. Bd3 e6 7. N1f3 h6 8.
Ne4 Nxe4 9. Bxe4 Nf6 10. Bd3 Bd6 11. Qe2 Qc7 12. Bd2 Bd7 13. O-O-O O-O-O 14.
Ne5 Be8 15. f4 c5 16. dxc5 Bxc5 17. Kb1 Bd6 18. Rhf1 Rf8 19. Nc4 Bc5 20. Ba5 b6
21. Bc3 Bd4 22. Bxd4 Rxd4 23. Ne5 Kb8 24. Ba6 Rd5 25. Bc4 Rxd1+ 26. Rxd1 Bc6
27. Nxc6+ Qxc6 28. a3 1/2-1/2

[Event "Landesklasse West 2016/2017"]
[Site "?"]
[Date "2017.01.29"]
[Round "5"]
[White "Von Otte, Wilhelm"]
[Black "Bötticher, Heinz-Wilfried"]
[Result "0-1"]
[WhiteElo "1977"]
[BlackElo "1790"]
[PlyCount "50"]
[EventDate "2017.??.??"]
[WhiteTeam "TSG Ruhla"]
[BlackTeam "SV Breitenworbis"]

1. e4 e5 2. Nf3 Nc6 3. Bb5 a6 4. Ba4 Nf6 5. O-O b5 6. Bb3 Be7 7. c3 O-O 8. d4
d6 9. h3 Bb7 10. Re1 Nd7 11. Nbd2 Rc8 12. Nf1 Na5 13. Bc2 c5 14. Ng3 Qc7 15.
Nf5 Bf6 16. dxe5 dxe5 17. Bg5 Bxg5 18. Nxg5 Nf6 19. Qd6 Nc4 20. Qe7 Rfe8 21.
Nh6+ gxh6 22. Qxf6 hxg5 23. Qxg5+ Kf8 24. Qh6+ Kg8 25. Qg5+ Kf8 {ZÜ} 0-1

[Event "Landesklasse West 2016/2017"]
[Site "?"]
[Date "2017.01.29"]
[Round "5"]
[White "Hellrung, Bernhard"]
[Black "Thrän, Uwe"]
[Result "1/2-1/2"]
[WhiteElo "1832"]
[BlackElo "1744"]
[PlyCount "62"]
[EventDate "2017.??.??"]
[WhiteTeam "SV Breitenworbis"]
[BlackTeam "TSG Ruhla"]

1. e4 e6 2. d4 d5 3. e5 c5 4. c3 Nc6 5. Be3 Qb6 6. Qd2 Bd7 7. Nf3 cxd4 8. cxd4
Bb4 9. Nc3 Rc8 10. Be2 Nge7 11. O-O Bxc3 12. bxc3 Na5 13. Rab1 Qc7 14. Rfc1 O-O
15. Qb2 b6 16. Nd2 Qd8 17. Bg5 h6 18. Bh4 Qe8 19. g4 Ng6 20. Bg3 f6 21. f4 fxe5
22. fxe5 Nf4 23. Bxf4 Rxf4 24. Rf1 Qf7 25. Qc2 Rf8 26. Qd3 Qe8 27. Qe3 Rxf1+
28. Rxf1 Rxf1+ 29. Kxf1 Bb5 30. Bd3 Bxd3+ 31. Qxd3 Qf7+ 1/2-1/2

[Event "Landesklasse West 2016/2017"]
[Site "?"]
[Date "2017.01.29"]
[Round "5"]
[White "Brückmann, Volker"]
[Black "Petiko, Jakob"]
[Result "1/2-1/2"]
[WhiteElo "1783"]
[BlackElo "1926"]
[PlyCount "41"]
[EventDate "2017.??.??"]
[WhiteTeam "TSG Ruhla"]
[BlackTeam "SV Breitenworbis"]

1. c4 Nf6 2. Nc3 d6 3. g3 e5 4. Bg2 c5 5. d3 Nc6 6. e3 g6 7. Nge2 Be6 8. O-O d5
9. d4 cxd4 10. exd4 exd4 11. cxd5 Nxd5 12. Nxd4 Nxc3 13. bxc3 Nxd4 14. Qxd4
Qxd4 15. cxd4 Bg7 16. Be3 O-O 17. a4 Rad8 18. Rfd1 Bd5 19. Ra3 Bxg2 20. Kxg2
Rd5 21. Rc3 1/2-1/2

[Event "Landesklasse West 2016/2017"]
[Site "?"]
[Date "2017.01.29"]
[Round "5"]
[White "Vergin, Marcel"]
[Black "Fink, Klaus"]
[Result "1/2-1/2"]
[WhiteElo "1812"]
[BlackElo "1843"]
[PlyCount "46"]
[EventDate "2017.??.??"]
[WhiteTeam "SV Breitenworbis"]
[BlackTeam "TSG Ruhla"]

1. d4 f5 2. Nf3 Nf6 3. Bf4 e6 4. Nbd2 Be7 5. e3 O-O 6. Bd3 c5 7. c3 Nc6 8. h3
d5 9. Ne5 Ne4 10. Ndf3 Bd7 11. h4 Be8 12. Bxe4 fxe4 13. Ng5 Nxe5 14. dxe5 Bxg5
15. Bxg5 Qd7 16. Qe2 Rc8 17. Rd1 h6 18. Bf4 c4 19. f3 Bh5 20. g4 exf3 21. Qxf3
Bg6 22. h5 Bd3 23. Qg3 Be4 1/2-1/2

[Event "Landesklasse West 2016/2017"]
[Site "?"]
[Date "2017.01.29"]
[Round "5"]
[White "Voß, Ewald"]
[Black "Leibeling, Lucian"]
[Result "1/2-1/2"]
[WhiteElo "1649"]
[BlackElo "1806"]
[PlyCount "40"]
[EventDate "2017.??.??"]
[WhiteTeam "TSG Ruhla"]
[BlackTeam "SV Breitenworbis"]

1. e4 c5 2. c3 d5 3. exd5 Qxd5 4. d4 e6 5. Nf3 Nc6 6. Be2 cxd4 7. cxd4 Bb4+ 8.
Nc3 Nge7 9. O-O Bxc3 10. bxc3 O-O 11. Ba3 Rd8 12. Bxe7 Nxe7 13. Ne5 Ng6 14.
Nxg6 hxg6 15. Bf3 Qa5 16. Qb3 Bd7 17. Rfe1 Rac8 18. Rac1 Bc6 19. Re5 Qc7 20.
Bxc6 Qxc6 1/2-1/2

[Event "Landesklasse West 2016/2017"]
[Site "?"]
[Date "2017.01.29"]
[Round "5"]
[White "Biel, Peter"]
[Black "Hagen, Matthias"]
[Result "0-1"]
[WhiteElo "1675"]
[BlackElo "1663"]
[PlyCount "56"]
[EventDate "2017.??.??"]
[WhiteTeam "SV Breitenworbis"]
[BlackTeam "TSG Ruhla"]

1. e4 c5 2. Nf3 d6 3. d4 cxd4 4. Nxd4 Nf6 5. Bd3 e6 6. O-O Be7 7. Be3 O-O 8.
Nd2 Nc6 9. Nxc6 bxc6 10. c4 e5 11. Qc2 d5 12. cxd5 cxd5 13. exd5 Qxd5 14. Ne4
Bb7 15. Nxf6+ Bxf6 16. f3 Rac8 17. Bxh7+ Kh8 18. Qe4 g6 19. Bxg6 fxg6 20. Qxg6
Rc7 21. Rfd1 Qe6 22. Bxa7 Bxf3 23. Qh6+ Kg8 24. Bc5 Rg7 25. Rd2 Re8 26. Rf1 Qc6
27. Be3 Bxg2 28. Qxf6 Bxf1+ 0-1

[Event "Landesklasse West 2016/2017"]
[Site "?"]
[Date "2017.01.29"]
[Round "5"]
[White "Schönwetter, Hartwig-Rolf"]
[Black "Mann, Moritz"]
[Result "1/2-1/2"]
[WhiteElo "1566"]
[BlackElo "1531"]
[PlyCount "33"]
[EventDate "2017.??.??"]
[WhiteTeam "TSG Ruhla"]
[BlackTeam "SV Breitenworbis"]

1. Nf3 c5 2. c4 d6 3. g3 g6 4. Bg2 Bg7 5. Nc3 Nc6 6. d3 Bd7 7. O-O Qc8 8. Nd5
Nf6 9. Nxf6+ Bxf6 10. Rb1 O-O 11. Bh6 Re8 12. Qd2 Bh3 13. a3 Bxg2 14. Kxg2 a5
15. Bg5 Bg7 16. Bh6 Bf6 17. Bg5 1/2-1/2

[Event "Thüringenliga 2016/2017"]
[Site "?"]
[Date "2017.01.29"]
[Round "5"]
[White "Middelhoff, Cornelius"]
[Black "Troyke, Christian"]
[Result "1/2-1/2"]
[WhiteElo "2093"]
[BlackElo "2307"]
[PlyCount "36"]
[EventDate "2017.??.??"]
[WhiteTeam "TSG Apolda"]
[BlackTeam "Erfurter Schachklub"]

1. d4 g6 2. c4 Bg7 3. Nf3 Nf6 4. Nc3 O-O 5. e4 d6 6. Be2 Bg4 7. Be3 Nfd7 8. Ng1
Bxe2 9. Ngxe2 c5 10. O-O Nc6 11. d5 Nce5 12. b3 a6 13. a4 Ng4 14. Bf4 Ngf6 15.
f3 h6 16. Qd2 Kh7 17. Rab1 Qa5 18. Qc2 Rae8 1/2-1/2

[Event "Thüringenliga 2016/2017"]
[Site "?"]
[Date "2017.01.29"]
[Round "5"]
[White "Brüggemann, Joachim"]
[Black "Rohmeiß, Roberto"]
[Result "1-0"]
[WhiteElo "2198"]
[BlackElo "1995"]
[PlyCount "81"]
[EventDate "2017.??.??"]
[WhiteTeam "Erfurter Schachklub"]
[BlackTeam "TSG Apolda"]

1. e4 d6 2. d4 Nf6 3. Nc3 g6 4. Nf3 Bg7 5. Be2 O-O 6. O-O c6 7. a4 Qc7 8. h3
Nbd7 9. Be3 b6 10. Qd2 Bb7 11. Rfe1 Rad8 12. Bg5 Rfe8 13. Bc4 d5 14. exd5 cxd5
15. Bd3 a6 16. Bf4 Qc8 17. Bh6 Qa8 18. Bxg7 Kxg7 19. Qe3 e6 20. Ne2 Ne4 21. Ne5
Ndf6 22. f3 Nd6 23. Ng4 Nxg4 24. hxg4 h6 25. Kf2 Rd7 26. Rh1 Rh8 27. Qe5+ f6
28. Qxe6 Qd8 29. g5 hxg5 30. Rxh8 Kxh8 31. Bxg6 Kg7 32. Bd3 Re7 33. Qh3 Qh8 34.
Qxh8+ Kxh8 35. Rh1+ Kg8 36. c3 a5 37. Ng3 Bc8 38. Rh6 Ne8 39. Nh5 Kf7 40. c4
Ba6 41. Bg6+ 1-0

[Event "Thüringenliga 2016/2017"]
[Site "?"]
[Date "2017.01.29"]
[Round "5"]
[White "Goemann, Jens"]
[Black "Krüger, Rainer"]
[Result "1/2-1/2"]
[WhiteElo "2057"]
[BlackElo "2071"]
[PlyCount "65"]
[EventDate "2017.??.??"]
[WhiteTeam "TSG Apolda"]
[BlackTeam "Erfurter Schachklub"]

1. c4 Nf6 2. g3 g6 3. Bg2 d5 4. cxd5 Nxd5 5. Nf3 Bg7 6. O-O O-O 7. Nc3 e5 8.
Nxd5 Qxd5 9. d3 Nc6 10. Qa4 Nd4 11. Nxd4 Qxd4 12. Qc2 c6 13. Be3 Qd8 14. b4 Be6
15. Rab1 Bd5 16. a4 Bxg2 17. Kxg2 Qd5+ 18. f3 a6 19. Rfc1 f5 20. Qc4 Rf7 21.
Qxd5 cxd5 22. Bb6 Rd7 23. Rc2 Re8 24. Rbc1 Kf7 25. Rc8 Bf8 26. Rxe8 Kxe8 27.
Rc8+ Kf7 28. b5 axb5 29. axb5 d4 30. Bc7 Ke6 31. Bxe5 Kxe5 32. Rxf8 h5 33. g4
1/2-1/2

[Event "Thüringenliga 2016/2017"]
[Site "?"]
[Date "2017.01.29"]
[Round "5"]
[White "Rüther, Rudolf"]
[Black "Schmidt, Matthias"]
[Result "0-1"]
[WhiteElo "2033"]
[BlackElo "1956"]
[PlyCount "84"]
[EventDate "2017.??.??"]
[WhiteTeam "Erfurter Schachklub"]
[BlackTeam "TSG Apolda"]

1. d4 Nf6 2. c4 g6 3. Nc3 Bg7 4. e4 d6 5. f3 O-O 6. Be3 Na6 7. Bd3 c5 8. d5 Nc7
9. Qd2 e6 10. Bh6 Nxe4 11. Bxe4 Qh4+ 12. g3 Qxh6 13. f4 exd5 14. Bxd5 Re8+ 15.
Kf2 Nxd5 16. Nxd5 Bd4+ 17. Kg2 Bf5 18. h3 Be4+ 19. Nf3 Bxd5 20. cxd5 Qh5 21.
Nxd4 cxd4 22. Rhe1 Qxd5+ 23. Kf2 Rxe1 24. Rxe1 Rc8 25. Rd1 d3 26. Qxd3 Qxd3 27.
Rxd3 Rc2+ 28. Kf3 Rxb2 29. Ra3 a6 30. Kg4 Kg7 31. h4 h5+ 32. Kf3 Kf6 33. g4
hxg4+ 34. Kxg4 Kg7 35. Ra4 f5+ 36. Kg3 Kh6 37. Ra3 Kh5 38. Ra4 d5 39. Kh3 d4
40. Rxd4 Rxa2 41. Rd7 Ra3+ 42. Kg2 Rb3 0-1

[Event "Thüringenliga 2016/2017"]
[Site "?"]
[Date "2017.01.29"]
[Round "5"]
[White "Steiger, Jürgen"]
[Black "Troyke, Doreen"]
[Result "1/2-1/2"]
[WhiteElo "1920"]
[BlackElo "2017"]
[PlyCount "27"]
[EventDate "2017.??.??"]
[WhiteTeam "TSG Apolda"]
[BlackTeam "Erfurter Schachklub"]

1. e4 c5 2. Nc3 Nc6 3. g3 g6 4. Bg2 Bg7 5. Nge2 e6 6. O-O Nge7 7. d3 O-O 8. Be3
Nd4 9. Qd2 d6 10. Nd1 Qc7 11. Nf4 b6 12. c3 Ndc6 13. Ne2 Bb7 14. Bh6 1/2-1/2

[Event "Thüringenliga 2016/2017"]
[Site "?"]
[Date "2017.01.29"]
[Round "5"]
[White "Kosev, Momchil"]
[Black "Siegl, Detlef"]
[Result "1/2-1/2"]
[WhiteElo "1706"]
[BlackElo "1725"]
[PlyCount "72"]
[EventDate "2017.??.??"]
[WhiteTeam "Erfurter Schachklub"]
[BlackTeam "TSG Apolda"]

1. c4 e5 2. Nc3 Nf6 3. g3 d5 4. cxd5 Nxd5 5. Bg2 Nb6 6. d3 Nc6 7. Nf3 Be7 8.
O-O O-O 9. Bd2 Be6 10. Rc1 f6 11. Qc2 Nd5 12. Qb1 Nxc3 13. Rxc3 Bd5 14. Be3 Qd7
15. Bc5 Bxc5 16. Rxc5 Ne7 17. Rfc1 c6 18. b4 Rac8 19. a4 Rfd8 20. b5 b6 21.
R5c3 c5 22. Ra3 g6 23. Qb2 Kg7 24. a5 Rc7 25. axb6 axb6 26. Ra6 Nc8 27. Nd2
Bxg2 28. Kxg2 Ra7 29. Rca1 Rxa6 30. bxa6 Qc6+ 31. Kg1 Rd7 32. Ne4 Na7 33. Qc2
Rd4 34. Qb3 Rb4 35. Qc2 Rd4 36. Ra2 Rd7 1/2-1/2

[Event "Thüringenliga 2016/2017"]
[Site "?"]
[Date "2017.01.29"]
[Round "5"]
[White "Geißler, Gerd"]
[Black "Albrecht, Ulrich"]
[Result "1/2-1/2"]
[WhiteElo "1613"]
[BlackElo "1969"]
[PlyCount "51"]
[EventDate "2017.??.??"]
[WhiteTeam "TSG Apolda"]
[BlackTeam "Erfurter Schachklub"]

1. d4 d6 2. Nf3 Bg4 3. Bf4 Nf6 4. Nbd2 e6 5. h3 Bh5 6. e3 Be7 7. Be2 O-O 8. c3
Nc6 9. e4 d5 10. Ne5 Nxe5 11. dxe5 Bxe2 12. Qxe2 Nxe4 13. Nxe4 dxe4 14. Rd1 Qe8
15. Qxe4 Qb5 16. Qe2 Qc6 17. O-O Rfd8 18. c4 Qa4 19. b3 Qc6 20. Rxd8+ Rxd8 21.
Rd1 Rd7 22. Rxd7 Qxd7 23. Qd2 Qxd2 24. Bxd2 Bc5 25. Kf1 Bd4 26. f4 1/2-1/2

[Event "Thüringenliga 2016/2017"]
[Site "?"]
[Date "2017.01.29"]
[Round "5"]
[White "Möller, Frank"]
[Black "Kroh, Christian"]
[Result "1/2-1/2"]
[WhiteElo "1552"]
[BlackElo "1454"]
[PlyCount "58"]
[EventDate "2017.??.??"]
[WhiteTeam "Erfurter Schachklub"]
[BlackTeam "TSG Apolda"]

1. e4 e5 2. f4 exf4 3. Nf3 d6 4. Bc4 Be7 5. O-O Nf6 6. Nc3 O-O 7. d4 Bg4 8.
Bxf4 Qd7 9. Qd2 Nc6 10. Rae1 Rfe8 11. Ng5 Bh5 12. Kh1 h6 13. Nxf7 Bxf7 14.
Bxf7+ Kxf7 15. e5 dxe5 16. dxe5 Qxd2 17. Bxd2 Rad8 18. exf6 Bxf6 19. Rxe8 Kxe8
20. Bf4 Bxc3 21. bxc3 Rd7 22. h4 Rf7 23. Re1+ Kd7 24. Bg3 Na5 25. Kg1 Nc4 26.
Re4 Nb6 27. Bf2 Nc8 28. Bd4 g6 29. Rg4 Ne7 1/2-1/2

[Event "Thüringenliga 2016/2017"]
[Site "?"]
[Date "2017.01.29"]
[Round "5"]
[White "Zehnter, Sebastian"]
[Black "Recknagel, Michael"]
[Result "1-0"]
[WhiteElo "2189"]
[BlackElo "2180"]
[PlyCount "51"]
[EventDate "2017.??.??"]
[WhiteTeam "Ilmenauer SV"]
[BlackTeam "SC Suhl"]

1. e4 c5 2. Nf3 Nc6 3. Bb5 Qb6 4. Nc3 e6 5. Bxc6 Qxc6 6. d4 cxd4 7. Nxd4 Qc7 8.
Be3 Nf6 9. f4 Bb4 10. O-O Bxc3 11. bxc3 Nxe4 12. f5 Qxc3 13. Qf3 Nd2 14. Bxd2
Qxd4+ 15. Be3 Qf6 16. Rad1 O-O 17. Qg3 e5 18. Bc5 b6 19. Rd6 Qd8 20. f6 g6 21.
Qg5 Kh8 22. Rf3 Rg8 23. Rh3 Qf8 24. Ba3 b5 25. Rdd3 d6 26. Bxd6 1-0

[Event "Thüringenliga 2016/2017"]
[Site "?"]
[Date "2017.01.29"]
[Round "5"]
[White "Feld-Gerdes, Wolfgang"]
[Black "Möller, Axel"]
[Result "1-0"]
[WhiteElo "2034"]
[BlackElo "1988"]
[PlyCount "41"]
[EventDate "2017.??.??"]
[WhiteTeam "SC Suhl"]
[BlackTeam "Ilmenauer SV"]

1. e4 d5 2. exd5 Qxd5 3. Nc3 Qd6 4. d4 Nf6 5. Nf3 c6 6. g3 Bg4 7. Bg2 e6 8. O-O
Nbd7 9. Bf4 Qb4 10. Qd2 h6 11. a3 Qb6 12. Rfe1 Be7 13. Na4 Qb5 14. b3 O-O 15.
Ne5 Bd8 16. Bf1 Qa5 17. c3 Bf5 18. Nb2 Nxe5 19. Rxe5 Nd5 20. b4 Qb6 21. Na4 1-0

[Event "Thüringenliga 2016/2017"]
[Site "?"]
[Date "2017.01.29"]
[Round "5"]
[White "Töpfer, Albrecht"]
[Black "Silberschlag, Jörg"]
[Result "0-1"]
[WhiteElo "1989"]
[BlackElo "2060"]
[PlyCount "116"]
[EventDate "2017.??.??"]
[WhiteTeam "Ilmenauer SV"]
[BlackTeam "SC Suhl"]

1. Nf3 d5 2. c4 e6 3. b3 c5 4. g3 Nc6 5. e3 d4 6. exd4 cxd4 7. Bg2 g6 8. O-O
Nge7 9. Re1 Bg7 10. d3 O-O 11. Bf4 f6 12. Na3 e5 13. Bd2 Bf5 14. Qe2 Qd7 15. b4
Rfe8 16. Nc2 Nd8 17. b5 Nf7 18. Bb4 Bf8 19. a4 Bg4 20. Qf1 g5 21. h3 Bxf3 22.
Bxf3 f5 23. Bxe7 Rxe7 24. Nb4 Bg7 25. Nd5 Re6 26. g4 h5 27. Qg2 Rae8 28. a5 Rh6
29. Ra2 Kh8 30. b6 a6 31. Nc7 Rb8 32. Bxb7 hxg4 33. hxg4 Rh4 34. Bf3 e4 35.
dxe4 fxg4 36. Nxa6 Rf8 37. Nc5 Qd6 38. Bxg4 Qxc5 39. b7 Ne5 40. Bc8 Nf3+ 41.
Qxf3 Rxf3 42. b8=Q Rf8 43. a6 Rg4+ 44. Kh1 Rh4+ 45. Kg1 Qxc4 46. Rea1 d3 47.
Ra4 Qc5 48. Qg3 Bxa1 49. Rxa1 Qd4 50. Ra4 Qc3 51. Bh3 Qc5 52. a7 d2 53. a8=Q
d1=Q+ 54. Kg2 Rxa8 55. Rxa8+ Kg7 56. Ra7+ Kh6 57. Ra6+ Kh5 58. Re6 Qcc1 0-1

[Event "Thüringenliga 2016/2017"]
[Site "?"]
[Date "2017.01.29"]
[Round "5"]
[White "Berghof, Axel"]
[Black "Falk, Kristoffer"]
[Result "1/2-1/2"]
[WhiteElo "2026"]
[BlackElo "1954"]
[PlyCount "27"]
[EventDate "2017.??.??"]
[WhiteTeam "SC Suhl"]
[BlackTeam "Ilmenauer SV"]

1. e4 c5 2. b4 cxb4 3. a3 d5 4. e5 Nc6 5. d4 Qb6 6. Nf3 Bg4 7. Be3 e6 8. Be2
bxa3 9. O-O Qb2 10. Nxa3 Bxa3 11. Rb1 Qa2 12. Ra1 Qb2 13. Rb1 Qa2 14. Ra1
1/2-1/2

[Event "Thüringenliga 2016/2017"]
[Site "?"]
[Date "2017.01.29"]
[Round "5"]
[White "Schenk, Stefan"]
[Black "Müller, Bernd"]
[Result "1-0"]
[WhiteElo "1892"]
[BlackElo "1748"]
[PlyCount "63"]
[EventDate "2017.??.??"]
[WhiteTeam "Ilmenauer SV"]
[BlackTeam "SC Suhl"]

1. e4 d5 2. exd5 Qxd5 3. Nc3 Qa5 4. d4 Nf6 5. Nf3 Bg4 6. h3 Bxf3 7. Qxf3 Nc6 8.
Bb5 O-O-O 9. Bxc6 bxc6 10. Qxc6 Qb6 11. Qf3 Kb8 12. O-O e6 13. Be3 Qb7 14. Qe2
Bd6 15. Nb5 a6 16. Nxd6 Rxd6 17. c4 g5 18. b4 h5 19. b5 a5 20. c5 Rd5 21. b6 c6
22. Bd2 Qa8 23. Rab1 Kb7 24. Bc3 g4 25. h4 Rb8 26. Rb3 Qa6 27. Qc2 Ra8 28. Ra3
a4 29. Rb1 Rdd8 30. Rb4 Nd5 31. Rbxa4 Qb5 32. Ra7+ 1-0